Quel musée d'histoire pour la France ? (notice n° 2198073)
[ vue normale ]
| 000 -LEADER | |
|---|---|
| fixed length control field | 01833cam a2200169 4500500 |
| 005 - DATE AND TIME OF LATEST TRANSACTION | |
| control field | 20260405085511.0 |
| 041 ## - LANGUAGE CODE | |
| Language code of text/sound track or separate title | fre |
| 042 ## - AUTHENTICATION CODE | |
| Authentication code | dc |
| 100 10 - MAIN ENTRY--PERSONAL NAME | |
| Personal name | Babelon, Jean-Pierre |
| Relator term | author |
| 245 00 - TITLE STATEMENT | |
| Title | Quel musée d'histoire pour la France ? |
| 260 ## - PUBLICATION, DISTRIBUTION, ETC. | |
| Name of publisher, distributor, etc. | Armand Colin,<br/> |
| Date of publication, distribution, etc. | 2011.<br/> |
| 520 ## - SUMMARY, ETC. | |
| Summary, etc. | Telle qu’elle se dessine et malgré l’ardeur mise à séduire et à gagner les esprits à ce grand besoin identitaire qu’il serait si urgent de satisfaire par ce moyen si «pédagogique», la création prochaine d’une «Maison de l’Histoire de France» laisse craindre le pire pour l’histoire, et rien de bon pour la France et les Français…Sous les oripeaux médiatiques et la facilité des fausses évidences se profile une machine à instrumentaliser le «désir d’histoire» des Français et à soumettre les historiens à une vision romantique, voire romancée et en tout cas non scientifique du parcours national.Le projet, qui a surgi tout armé d’une belle opération d’évitement du travail d’enquête qui est le préalable nécessaire à tout engagement dans ces domaines infiniment sensibles, recèle en corollaire des risques certains pour le devenir des musées, de la muséographie et des Archives nationales.Un groupe représentatif de professeurs, de chercheurs et de professionnels du monde de la culture s’est réuni pour procéder à l’évaluation critique du projet présidentiel, en pointer les dangers et faire une contreproposition.Un Musée de l’histoire de France a certainement sa place aux Archives nationales. Mais un autre. |
| 700 10 - ADDED ENTRY--PERSONAL NAME | |
| Personal name | Backouche, Isabelle |
| Relator term | author |
| 700 10 - ADDED ENTRY--PERSONAL NAME | |
| Personal name | Duclert, Vincent |
| Relator term | author |
| 700 10 - ADDED ENTRY--PERSONAL NAME | |
| Personal name | James-Sarazin, Ariane |
| Relator term | author |
| 856 41 - ELECTRONIC LOCATION AND ACCESS | |
| Uniform Resource Identifier | <a href="https://shs.cairn.info/quel-musee-dhistoire-pour-la-france--9782200271725?lang=fr&redirect-ssocas=7080">https://shs.cairn.info/quel-musee-dhistoire-pour-la-france--9782200271725?lang=fr&redirect-ssocas=7080</a> |
Pas d'exemplaire disponible.




Réseaux sociaux